この人名が付いた空港はどこの国? - Statistics

General Stats
  • This quiz has been taken 223 times
  • The average score is 14 of 51
Answer Stats
Hint Answer % Correct
ジョン・F・ケネディ国際空港 アメリカ
100%
シャルル・ド・ゴール国際空港 フランス
93%
高知龍馬空港 日本
93%
インディラ・ガンディー国際空港 インド
84%
チンギスハーン国際空港 モンゴル
81%
スカルノ・ハッタ国際空港 インドネシア
71%
ジョン・レノン空港 イギリス
68%
ダニエル・K・イノウエ国際空港 アメリカ
62%
ハーツフィールド・ジャクソン国際空港 アメリカ
58%
アタテュルク国際空港 トルコ
53%
ショパン空港 ポーランド
53%
ガガーリン空港 ロシア
52%
ヌルスルタン・ナザルバエフ国際空港 カザフスタン
48%
ニノイ・アキノ国際空港 フィリピン
46%
ピエール・エリオット・トルドー国際空港 カナダ
46%
エマーム・ホメイニー国際空港 イラン
39%
インカ・マンコ・カパック国際空港 ペルー
35%
サン=テグジュペリ空港 フランス
26%
ピアソン国際空港 カナダ
25%
テンジン・ヒラリー空港 ネパール
18%
ベン・グリオン国際空港 イスラエル
17%
ニコラ・テスラ空港 セルビア
15%
ジョモ・ケニヤッタ国際空港 ケニア
14%
ネータージー・スバース・チャンドラ・ボース国際空港 インド
14%
ジンナー国際空港 パキスタン
13%
バンダラナイケ国際空港 スリランカ
12%
ムハンマド5世国際空港 モロッコ
12%
イブン・バットゥータ国際空港 モロッコ
12%
アリカンテ=エルチェ・ミゲル・エルナンデス空港 スペイン
12%
O・R・タンボ国際空港 南アフリカ
9%
ヴァーツラフ・ハヴェル国際空港 チェコ
9%
ドン・ミゲル・イダルゴ・イ・コスティージャ国際空港 メキシコ
9%
トリブバン国際空港 ネパール
8%
サビハ・ギョクチェン国際空港 トルコ
7%
ングラ・ライ国際空港 インドネシア
6%
アントニオ・B・ウォン・パット国際空港 アメリカ
6%
キング・シャカ国際空港 南アフリカ
6%
ホルへ・チャベス国際空港 ペルー
5%
ホセ・マルティ国際空港 キューバ
5%
モショエショエ1世国際空港 レソト
5%
ショタ・ルスタヴェリ国際空港 ジョージア
4%
ハズラット・シャージャラール国際空港 バングラデシュ
4%
ラフィク・ハリリ国際空港 レバノン
4%
セレツェカーマ国際空港 ボツワナ
4%
スルタン・アブドゥル・アジズ・シャー空港 マレーシア
4%
ンナムディ・アジキウェ国際空港 ナイジェリア
3%
アルトゥーロ・メリノ・ベニテス国際空港 チリ
3%
ネルソン・マンデラ国際空港 カーボベルデ
2%
プレジデンテ・ニコラウ・ロバト国際空港 東ティモール
2%
アンリ・コアンダ国際空港 ルーマニア
1%
マリスカル・スクレ国際空港 エクアドル
1%
No matching quizzes found
Score Distribution
Percent of People with Each Score
Percentile by Number Answered
Your Score History
You have not taken this quiz